| 000 | 00865nam a2200169 a 4500 | ||
|---|---|---|---|
| 008 | 120416s0000 ||||||||||||||||| || u | ||
| 020 | _a0074600613 | ||
| 050 | _aTA 403 Ind | ||
| 245 | 1 | 0 | _aBuilding materials and components |
| 246 | _atechnology for developing countries | ||
| 260 |
_aNew Delhi _bTata McGraw-Hill _c1990 |
||
| 300 | _aviii, 240p. : ill. | ||
| 350 | _a0.00 | ||
| 995 |
_aMAIN LIBRARY OPEN ACCESS _D0.00 _e724446 _FCBU-MAIN LIBRARY (Kitwe) _H1 _I250.00 _jTA 403 Ind _M1 _ULOST _VMar 7, 2013 _y014154 _ZMain Library Open Access Collection |
||
| 995 |
_aANNEX COLLECTION (Main Library) _D0.00 _e724445 _FCBU-MAIN LIBRARY (Kitwe) _H2 _I250.00 _jTA 403 Ind _M2 _UAVAILABLE _y014155 _ZAnnex Low-Usage Collection |
||
| 995 |
_aANNEX COLLECTION (Main Library) _D0.00 _e724444 _FCBU-MAIN LIBRARY (Kitwe) _H3 _I250.00 _jTA 403 Ind _M3 _UAVAILABLE _y014156 _ZAnnex Low-Usage Collection |
||
| 999 |
_c77817 _d77817 |
||